000 00811nam a2200229Ii 4500
003 JO-AjNU
008 230605s9999||||xx |||||||||||||| ||und||
017 _a1137/7/1998
020 _a978-9957-07-007
040 _aJO-AjNU
_bara
_erda
_cJO-AjNU
041 _aara
050 1 4 _aLC4015.K42 2011
100 3 _aالخطيب، جمال مؤلف/الحديدي، منى م.مشارك,
_eauthor
_942981
245 0 0 _aالتدخل المبكر: التربية الخاصة في الطفولة المبكرة
250 _aط5
264 3 1 _aعمان:دار الفكر،2011
300 _a336ص
_bقاموس:ص(315-336)
336 _atext
_btxt
_2rdacontent
337 _aunmediated
_bn
_2rdamedia
338 _avolume
_bnc
_2rdacarrier
650 4 _aالأطفال المعوقون-رعاية-تعليم
_942982
999 _aA18444
_c22012
_d22012